000 00727nam a22001695i 4500
001 158757
003 ES-MaACL
005 20230906211313.0
008 950111s1876 sp |||| | spa d
040 _aCARM
_bspa
100 1 _aMarin Baldo, José.
_9129497
245 1 0 _aProyecto de un monumento á la gloria de Cristóbal Colón y de España, por el descubrimiento del nuevo mundo
_b: memoria facultativa /
_cescrita por José Marin Baldo.
260 _aMadrid :
_b[s.n.],
_c1876 (
_fEstablecimientos tipográficos de M. Minuesa)
300 _a83 p. ;
_c24 cm.
600 1 4 _aColón, Cristóbal-
_xMonumentos.
_9157048
852 _aES-MaACL
_jT-840-F-4
_z-- Enc. hol. conservando la cub. original
_z-- Enc. en un vol. facticio
999 _c158757
_d158757